Organic chemistry / (Record no. 423)

000 -LEADER
fixed length control field 01310nam a22003977a 4500
001 - CONTROL NUMBER
control field 18806589
003 - CONTROL NUMBER IDENTIFIER
control field OSt
005 - DATE AND TIME OF LATEST TRANSACTION
control field 20241030101314.0
008 - FIXED-LENGTH DATA ELEMENTS--GENERAL INFORMATION
fixed length control field 151005t20172017ilua 001 0 eng
010 ## - LIBRARY OF CONGRESS CONTROL NUMBER
LC control number 2015038705
020 ## - INTERNATIONAL STANDARD BOOK NUMBER
International Standard Book Number 9780321971371
020 ## - INTERNATIONAL STANDARD BOOK NUMBER
International Standard Book Number 032197137X
040 ## - CATALOGING SOURCE
Original cataloging agency DLC
Language of cataloging eng
Transcribing agency DLC
Description conventions rda
Modifying agency DLC
041 ## - LANGUAGE CODE
Language code of text/sound track or separate title eng
042 ## - AUTHENTICATION CODE
Authentication code pcc
050 00 - LIBRARY OF CONGRESS CALL NUMBER
Classification number QD251.3
Item number .W33 2017
080 ## - UNIVERSAL DECIMAL CLASSIFICATION NUMBER
Universal Decimal Classification number 54
Item number W-12
082 00 - DEWEY DECIMAL CLASSIFICATION NUMBER
Classification number 547
Edition number 23
100 1# - MAIN ENTRY--PERSONAL NAME
Personal name Wade, L. G.,
Dates associated with a name 1947-
245 10 - TITLE STATEMENT
Title Organic chemistry /
Statement of responsibility, etc. L.G. Wade, Jr., Whitman College ; contributing author, Jan William Simek, California Polytechnic State University.
250 ## - EDITION STATEMENT
Edition statement Ninth edition.
260 ## - PUBLICATION, DISTRIBUTION, ETC.
Place of publication, distribution, etc. [Glenview, IL] :
Name of publisher, distributor, etc. Pearson,
Date of publication, distribution, etc. [2017]
264 #4 - PRODUCTION, PUBLICATION, DISTRIBUTION, MANUFACTURE, AND COPYRIGHT NOTICE
Date of production, publication, distribution, manufacture, or copyright notice ©2017
300 ## - PHYSICAL DESCRIPTION
Extent 1 volume (various pagings) :1331 p. index 120 p.
Other physical details illustrations (some color) :
Dimensions 29 cm
336 ## - CONTENT TYPE
Content type term text
Source rdacontent
337 ## - MEDIA TYPE
Media type term unmediated
Source rdamedia
338 ## - CARRIER TYPE
Carrier type term volume
Source rdacarrier
500 ## - GENERAL NOTE
General note Includes index.
650 #0 - SUBJECT ADDED ENTRY--TOPICAL TERM
Topical term or geographic name entry element Chemistry, Organic
Form subdivision Textbooks.
653 ## - INDEX TERM--UNCONTROLLED
Uncontrolled term ქიმია
653 ## - INDEX TERM--UNCONTROLLED
Uncontrolled term ორგანული ქიმია
700 1# - ADDED ENTRY--PERSONAL NAME
Personal name Simek, Jan William.
906 ## - LOCAL DATA ELEMENT F, LDF (RLIN)
a 7
b cbc
c orignew
d 1
e ecip
f 20
g y-gencatlg
942 ## - ADDED ENTRY ELEMENTS (KOHA)
Source of classification or shelving scheme
Koha item type Books
Edition 9
Holdings
Withdrawn status Lost status Source of classification or shelving scheme Damaged status Not for loan Permanent location Current location Date acquired Inventory number Total Checkouts Total Renewals Full call number Barcode Date last seen Date last checked out Price effective from Koha item type
          Ken Walker International University Ken Walker International University 11/25/2020 1109 1 1 54 W-12 1109 01/17/2026 01/17/2026 11/25/2020 Books

Powered by Koha